[Event "SCO Open 2018"]
[Site "Xingtai"]
[Date "2018.10.18"]
[Round "5"]
[White "Xiang, Zeyu"]
[Black "Nigmatov, Ortik"]
[Result "1-0"]
[WhiteElo "2409"]
[BlackElo "2456"]
[Annotator "TA"]
[PlyCount "139"]
[EventDate "2018.??.??"]
[EventCountry "CHN"]
[SourceTitle "playchess.com"]
[Source "ChessBase"]
[SourceQuality "1"]

{[%evp 22,139,62,56,51,25,59,35,124,113,218,158,146,137,166,177,133,125,150,46,61,51,39,58,68,77,80,69,91,72,96,0,0,-20,-16,-9,-12,-110,104,0,0,0,0,0,45,41,47,32,149,149,187,187,246,243,275,269,249,235,315,314,437,420,716,699,671,554,540,486,463,457,941,718,1135,1116,1415,1378,1208,1051,1021,990,944,944,1083,1062,1220,1219,1098,1051,1327,1360,1321,1321,5899,5766,6119,6003,5691,5459,29957,1649,29964,29961,29969,29970,29970,29967,29972,29969,29975,29976,29978,29979,29979,29980,29980,29981,29985,29986,29986,29987]} 1. d4 Nf6 2. c4 g6 3. Nc3 Bg7 4. e4 d6 5. Nf3 O-O 6. h3 e5 7. d5 Nh5 8. g3 {E90: King's Indian: Classical: Early deviations and 6 h3} Na6 9. Be3 Qe8 10. Be2 f5 11. exf5 gxf5 12. Nh4 {LiveBook: 20 Games} Nf6 13. Qc2 c6 14. dxc6 $146 (14. Nxf5 $6 Bxf5 15. Qxf5 Nxd5 $11) ({Predecessor:} 14. O-O-O cxd5 15. cxd5 Nb4 16. Qb3 a5 {0-1 (43) Butkiewicz,L (2443)-Moranda,W (2599) Zgierz 2018}) 14... Qxc6 {[#]} (14... bxc6 $14 15. Nxf5 Bxf5 16. Qxf5 Nd5) 15. O-O-O $1 $16 Nc5 (15... Kh8 $16) 16. Rhg1 (16. Nxf5 Bxf5 17. Qxf5 Nfe4 $11) 16... Nce4 17. Nb5 {And now f3 would win.} b6 18. f3 a6 {[#]} 19. Na3 $1 ({Resist} 19. fxe4 $6 axb5 20. cxb5 (20. Nxf5 Bxf5 21. exf5 Rxa2 $11) 20... Qxe4 $11) 19... Nc5 20. Nxf5 (20. g4 $16) 20... Bxf5 $14 21. Qxf5 d5 $1 {[%cal Rd5d4] ...d4 is the strong threat.} 22. Bxc5 $1 ({Stronger than} 22. Qxe5 Ng4 $17) 22... Qxc5 23. Kb1 Qf2 24. Qc2 $36 {[%mdl 2048] White has some pressure.} Rac8 25. Qd2 e4 26. cxd5 ({White should try} 26. f4 $16) 26... exf3 $11 27. Bd3 Qxd2 28. Rxd2 Bh6 29. Rdd1 (29. Rh2 $1 $11) 29... Nh5 $2 (29... f2 $17 30. Rgf1 Nh5 31. Bxa6 Ra8) 30. g4 (30. Bxa6 $16 Rce8 31. Nc2) 30... f2 $1 {[%cal Rf2g1]} 31. gxh5+ fxg1=Q 32. Rxg1+ Kf7 33. Bxa6 Rc5 34. Bc4 Ra8 ({Black should play} 34... Ke7 $14) 35. Nb5 $16 Ke7 36. b3 Rf8 (36... Re8 {was called for.} 37. Nd4 Bd2 38. Rg7+ Kf6 39. Rxh7 Be3) 37. Re1+ $18 Kd7 38. Re6 Bf4 39. Rxb6 h6 40. Nd4 Bc7 41. Rxh6 Rf2 (41... Bf4 $142) 42. Ne6 Ra5 43. a4 Be5 44. Rh7+ Kd6 45. Nd8 {[%cal Rd8b7]} Kc5 (45... Rxd5 $142 46. Bxd5 Kxd5 47. Rd7+ Kc5) 46. Nc6 Ra8 47. Nxe5 Kd4 48. Rf7 Rg2 49. Nc6+ Kc5 50. Ne7 Rh8 51. Rf5 Re8 52. Re5 Rh2 53. Ng6 Rb8 54. Re3 Rb6 55. Re6 Rb7 56. d6 {[%cal Bd5d6,Bd6d7][%mdl 32]} Rxh3 57. Re7 Rb6 58. d7 Rd6 59. Re5+ Kc6 60. Rd5 (60. Re6 $142 Kxd7 61. Ne5+ Kc7 62. Re7+ Kb8 63. Rh7 Re3 64. Nd7+ Kc7 65. Nc5+ Kc6 66. b4) 60... Kxd7 61. Ne5+ {White mates.} Kc7 62. Rxd6 Kxd6 63. Nd3 Rxh5 64. Kc2 Kc6 65. b4 {[%cal Bb3b4,Bb4b5][%mdl 32]} Rh3 66. Kc3 Rh1 67. b5+ Kb6 68. Kb4 Rh6 69. a5+ Ka7 70. Kc5 {Precision: White = 67%, Black = 25%.} 1-0

[Event "SCO Open 2018"]
[Site "Xingtai"]
[Date "2018.10.18"]
[Round "5"]
[White "Zhang, Ziji"]
[Black "Das, Arghyadip"]
[Result "1/2-1/2"]
[WhiteElo "2397"]
[BlackElo "2437"]
[Annotator "TA"]
[PlyCount "43"]
[EventDate "2018.??.??"]
[EventCountry "CHN"]
[SourceTitle "playchess.com"]
[Source "ChessBase"]
[SourceQuality "1"]

{[%evp 19,43,62,70,57,66,73,83,42,47,41,41,41,42,0,0,0,20,25,18,0,30,0,12,0,29,0]} 1. d4 c5 2. d5 d6 3. c4 g6 4. e4 Bg7 5. Nf3 e6 6. Bd3 Ne7 7. Nc3 O-O 8. O-O exd5 {A43: Schmid Benoni} 9. exd5 Bg4 (9... Bf5 10. Re1 Bxd3 11. Qxd3 Nd7 12. Bf4 Nf6 13. h3 a6 14. Re2 Qd7 15. Rae1 Rae8 16. b3 {½-½ (29) Mchedlishvili,M (2601)-Malakhov,V (2713) Doha 2016}) 10. Bf4 Nc8 {LiveBook: 3 Games. White is slightly better.} 11. h3 Bxf3 12. Qxf3 Nd7 13. Qd1 $146 ({Predecessor:} 13. Rae1 Ne5 14. Qg3 f5 15. b3 a6 16. Bb1 {1-0 (31) Ronderos,L (1766)-Forney,R (1992) ICCF email 2015}) 13... Ne5 14. Qd2 Nb6 15. b3 Qh4 16. Bxe5 Bxe5 17. Rae1 Rae8 18. Ne4 Bf4 19. Qb2 Be5 20. Qd2 Bf4 21. Qb2 Be5 22. Qd2 1/2-1/2

[Event "SCO Open 2018"]
[Site "Xingtai"]
[Date "2018.10.18"]
[Round "5"]
[White "Zhao, Chenxi"]
[Black "Liu, Yan"]
[Result "1/2-1/2"]
[WhiteElo "2323"]
[BlackElo "2506"]
[Annotator "TA"]
[PlyCount "60"]
[EventDate "2018.??.??"]
[EventCountry "CHN"]
[SourceTitle "playchess.com"]
[Source "ChessBase"]
[SourceQuality "1"]

{[%evp 20,60,26,26,24,18,5,12,8,6,8,8,13,13,3,0,0,7,8,6,11,1,10,0,113,12,6,0,0,0,4,4,4,4,29,0,0,0,25,0,0,0,27]} 1. e4 c5 2. Nf3 d6 3. d4 cxd4 4. Qxd4 a6 5. c4 Nc6 6. Qe3 g6 {B53: Sicilian: 2...d6: Lines with Qxd4} (6... Bg4 7. Nd4 g6 8. Nc3 Bg7 9. Nxc6 bxc6 10. h3 Be6 11. Be2 Nf6 12. O-O O-O 13. f4 Qa5 14. Bd2 {1-0 (50) Karjakin,S (2763)-Nepomniachtchi,I (2751) Moscow 2018}) 7. Be2 Bg7 8. O-O Nf6 {[%cal Bg8f6,Bf6d7,Bd7c5][%mdl 32]} 9. h3 O-O 10. Nc3 Nd7 11. b3 {LiveBook: 18 Games} Nb4 $146 {[#] White must now prevent ...Nc2.} ({Predecessor:} 11... Qb6 12. Qd2 Nd4 {1-0 (28) Alekseev,E (2616)-Petursson,M (2499) Tallinn 2018}) 12. Qd2 Nc5 13. Bb2 a5 14. Rad1 Bd7 15. e5 dxe5 16. Qe3 Qc7 17. Nd5 Nxd5 18. Rxd5 b6 19. Bxe5 Bxe5 20. Nxe5 Be6 21. Rd4 {Hoping for Rh4.} Rfd8 {[#]} (21... f6 $11 {remains equal.} 22. Nd3 Bf7) 22. Rfd1 ({White has to play} 22. Rh4 $1 $16 {And now Bf3 would win.} f6 23. Ng4 Bxg4 24. Bxg4) 22... Rxd4 $11 23. Rxd4 Rd8 24. Nf3 Rxd4 25. Nxd4 Qd6 26. Nb5 Qd8 27. Nd4 Qd6 28. Nb5 Qd8 29. Nd4 Qd6 30. Nb5 Qd8 {Precision: White = 61%, Black = 82%.} 1/2-1/2

[Event "SCO Open 2018"]
[Site "Xingtai"]
[Date "2018.10.18"]
[Round "5"]
[White "Wang, Yu A."]
[Black "Tan, Zhongyi"]
[Result "1/2-1/2"]
[WhiteElo "2308"]
[BlackElo "2527"]
[Annotator "TA"]
[PlyCount "100"]
[EventDate "2018.??.??"]
[EventCountry "CHN"]
[SourceTitle "playchess.com"]
[Source "ChessBase"]
[SourceQuality "1"]

{[%evp 17,100,12,29,15,14,13,28,24,56,72,86,89,77,29,45,26,27,-7,0,5,4,0,0,0,0,0,0,0,0,0,0,0,0,0,0,0,0,0,0,0,0,0,0,0,0,0,0,-51,0,0,0,-51,0,0,0,0,0,0,0,-8,-8,-8,-8,-8,0,-19,-8,-19,-20,-20,-8,-8,0,-8,0,-24,0,-8,-8,-8,-8,-8,-8,-8,-8]} 1. e4 g6 2. d4 Bg7 3. Nc3 d6 4. f4 a6 5. a4 Nf6 6. Nf3 c5 {B09: Pirc Defence: Austrian Attack} 7. dxc5 Qa5 8. Bd3 Qxc5 9. Qe2 O-O {LiveBook: 3 Games} 10. a5 $146 ({Predecessor:} 10. Be3 Qa5 11. O-O Nc6 12. h3 Nd7 13. Nd2 Qd8 14. Nc4 b6 15. e5 Nc5 16. Rfd1 Be6 17. Be4 Nxe4 18. Nxe4 Rb8 19. exd6 {0-1 (43) Srija,S (2207)-Tukhaev,A (2557) Mumbai 2018}) 10... Nc6 11. Be3 Qh5 $1 12. h3 {And now Kf2 would win.} e5 13. O-O exf4 14. Bxf4 Ne5 15. Nxe5 (15. Qd2 {with more complications.} Nxf3+ 16. Rxf3 Qc5+ 17. Be3 Qe5 18. Qf2) 15... dxe5 16. Qxh5 (16. Bg3 {feels hotter.} Be6 17. Qf2 Nd7 18. Rad1 Qh6 19. Be2) 16... Nxh5 17. Bh2 Be6 18. Nd5 Rad8 19. g4 Nf4 20. Bxf4 exf4 21. Nxf4 Bxb2 22. Nxe6 fxe6 23. Rab1 Bd4+ 24. Kg2 Rxf1 25. Bxf1 $11 {[%mdl 4096] Endgame KRB-KRB} Rc8 26. Rxb7 Rxc2+ 27. Kg3 Rc6 28. g5 Rc5 29. Bxa6 Rxg5+ 30. Kf3 Rxa5 31. Bc4 Ra3+ 32. Rb3 (32. Kf4 $11) 32... Ra1 (32... Rxb3+ $15 33. Bxb3 Kf7) 33. Rb7 Ra3+ 34. Rb3 (34. Kf4 $11) 34... Ra7 (34... Rxb3+ $15 35. Bxb3 Kf7) 35. Bxe6+ Kg7 36. Bd5 Kf6 37. Rb7 Ra3+ 38. Rb3 Ra1 39. Rb7 h5 40. h4 Bc5 41. Rf7+ (41. Rc7 {looks sharper.} Bd6 42. Rc6 Ke5 43. Kf2 Ra4 44. Kf3) 41... Ke5 42. Rg7 Rf1+ 43. Ke2 Rf2+ 44. Kd3 Rf6 45. Kc4 Bf2 46. Re7+ Kd6 47. Rf7 {The position is equal.} Bxh4 48. Rxf6+ Bxf6 49. Bf7 h4 {[%cal Bh5h4,Bh4h3][%mdl 32] [#] Threatens to win with ...Ke5.} 50. Bxg6 h3 {Precision: White = 64%, Black = 58%.} 1/2-1/2

[Event "SCO Open 2018"]
[Site "Xingtai"]
[Date "2018.10.19"]
[Round "6"]
[White "Zvjaginsev, Vadim"]
[Black "Chen, Qi B"]
[Result "1/2-1/2"]
[WhiteElo "2644"]
[BlackElo "2425"]
[Annotator "TA"]
[PlyCount "68"]
[EventDate "2018.??.??"]
[EventCountry "CHN"]
[SourceTitle "playchess.com"]
[Source "ChessBase"]
[SourceQuality "1"]

{[%evp 17,68,24,26,0,16,3,0,0,8,9,21,4,11,0,4,0,6,1,13,8,16,9,20,0,12,12,12,11,22,2,12,0,0,0,0,0,0,0,0,0,0,0,0,0,0,0,0,0,0,0,0,0,0]} 1. g3 d5 2. Nf3 Nf6 3. Bg2 g6 4. b3 Bg7 5. Bb2 O-O 6. c4 c6 7. O-O Bg4 8. d3 Nbd7 9. Nbd2 a5 {LiveBook: 58 Partien. A11: Reti-Eröffnung} (9... Re8 10. h3 Bxf3 11. Bxf3 e5 12. cxd5 cxd5 13. Bg2 a5 14. Rc1 Nb8 15. Nb1 Bh6 16. Rc5 Qb6 17. Rxd5 Nxd5 18. Bxd5 Nd7 19. Nc3 {½-½ (41) Shimanov,A (2646)-Zherebukh,Y (2621) Saint Louis 2017}) 10. Rb1 Re8 $146 {Die Stellung ist ausgeglichen.} ({Vorgänger:} 10... Qb8 11. cxd5 cxd5 12. Nd4 e5 13. Nb5 Ra6 14. h3 Be6 15. e4 Rb6 16. Nc3 dxe4 17. dxe4 {1-0 (28) Blatny,P (2490)-Mirumian,V (2430) Pardubice 1996}) 11. Ne5 Nxe5 12. Bxe5 Nh5 13. Bxg7 Nxg7 14. h3 Bf5 15. cxd5 cxd5 16. e4 dxe4 17. dxe4 Bd7 18. Nc4 Qc7 19. Rc1 Red8 20. Qf3 Bb5 21. Ne3 Qe5 22. Ng4 Qe6 23. Rfd1 Bc6 24. Qf4 Rxd1+ 25. Rxd1 a4 26. Rd3 axb3 27. axb3 h5 (27... Nh5 {feels hotter.} 28. Qe5 Nf6 29. Qxe6 fxe6 30. Nxf6+ exf6 31. e5 Ra1+) 28. Ne3 Qf6 29. Qxf6 exf6 30. Nd5 Ne8 31. Ne7+ Kf8 32. Nxc6 bxc6 33. e5 fxe5 34. Bxc6 Ra6 {Precision: Weiß = 55%, Schwarz = 54%.} 1/2-1/2

[Event "SCO Open 2018"]
[Site "Xingtai"]
[Date "2018.10.19"]
[Round "6"]
[White "Zhou, Jianchao"]
[Black "Lalith Babu M R"]
[Result "1/2-1/2"]
[WhiteElo "2625"]
[BlackElo "2518"]
[Annotator "TA"]
[PlyCount "137"]
[EventDate "2018.??.??"]
[EventCountry "CHN"]
[SourceTitle "playchess.com"]
[Source "ChessBase"]
[SourceQuality "1"]

{[%evp 28,137,46,23,35,22,45,37,52,52,52,52,52,52,55,54,54,54,54,62,60,51,56,54,55,56,61,58,59,63,84,0,14,12,25,0,0,0,0,0,0,0,0,0,67,36,36,36,36,36,43,51,54,54,57,61,62,57,62,24,24,0,0,0,24,24,24,0,0,0,0,0,0,0,0,0,0,0,0,0,8,0,0,0,0,0,0,0,0,0,0,0,0,0,0,0,0,0,0,0,0,0,0,0,8,0,0,0,93,0,0,0]} 1. c4 c5 2. Nf3 Nc6 3. Nc3 g6 4. e3 Nf6 5. d4 cxd4 6. exd4 d5 7. cxd5 Nxd5 8. Bc4 Nxc3 9. Qb3 Nd5 10. Bxd5 e6 11. Bxc6+ bxc6 12. O-O {[%cal Bh1f1,Bf1c1,Bc1c5][%mdl 32]} f6 {A35: Symmetrical English: 2 Nc3 Nc6 3 Nf3} 13. Be3 Qd5 14. Rfc1 Bd6 15. Nd2 {[#] LiveBook: 13 Games} Qxb3 $146 ({Predecessor:} 15... Kf7 16. Qc2 Bd7 17. Ne4 Rhb8 18. f3 Be7 19. Qf2 Kg7 20. b3 {1-0 (67) Nepomniachtchi,I (2714)-Vidit,S (2625) Moscow 2015}) 16. Nxb3 Kd7 17. Nc5+ Bxc5 18. Rxc5 Rd8 19. Rac1 Bb7 20. R1c3 Kc8 21. h4 Rd5 22. Rxd5 exd5 $14 {[%mdl 4096] Endgame KRB-KRB} 23. Bh6 Kd7 24. Bg7 Ke6 25. Rf3 Rg8 26. Bxf6 Rf8 27. Rb3 Rxf6 28. Rxb7 {KR-KR} Rf4 $1 29. Rc7 (29. Rxh7 $16 Rxd4 30. Rc7) 29... Rxd4 30. Rxc6+ Ke5 31. g3 Rd2 32. Ra6 Rxb2 33. Rxa7 h5 34. Kg2 d4 35. Kf3 d3 (35... Kd5 $11) 36. Ke3 Re2+ 37. Kxd3 Rxf2 38. Ra5+ Kf6 39. Ke4 Re2+ 40. Kf3 Re1 41. Ra3 Kf5 42. Kf2 Rb1 43. Rb3 Ra1 44. a3 Kg4 45. Ke2 g5 46. hxg5 Kxg5 47. Kd3 Kf5 48. Kc4 Ke6 49. Rd3 Ke5 50. Kb4 Rb1+ 51. Rb3 Ra1 52. a4 Kd6 53. Rc3 Rb1+ 54. Rb3 Ra1 55. Kb5 {Black must now prevent Rc3.} Kc7 56. Rf3 Rb1+ 57. Ka5 Rh1 58. Rf7+ Kc6 59. Ka6 h4 60. gxh4 Rxh4 {[%cal Rh4a4] [#]} 61. a5 (61. Rf6+ {seems wilder.} Kc7 62. Kb5 Rh5+ 63. Kb4 Rh4+ 64. Kb3) 61... Ra4 62. Rf5 Kc7 63. Ka7 {Hoping for a6.} Rc4 64. a6 {And now Rf7+ would win.} Rc1 65. Rf7+ Kc8 66. Kb6 Rb1+ 67. Ka7 (67. Ka5 $11 Kb8 68. Rh7) 67... Rc1 $16 {[#]} 68. Kb6 (68. Rb7 $1 $16) 68... Rb1+ $11 69. Ka7 {Precision: White = 53%, Black = 79%.} (69. Kc6 $5 {[%cal Rf7f8]} Rc1+ 70. Kb6 $18) 1/2-1/2

[Event "SCO Open 2018"]
[Site "Xingtai"]
[Date "2018.10.19"]
[Round "6"]
[White "Oparin, Grigoriy"]
[Black "Vokhidov, Shamsiddin"]
[Result "1/2-1/2"]
[WhiteElo "2624"]
[BlackElo "2446"]
[Annotator "TA"]
[PlyCount "124"]
[EventDate "2018.??.??"]
[EventCountry "CHN"]
[SourceTitle "playchess.com"]
[Source "ChessBase"]
[SourceQuality "1"]

{[%evp 11,124,-11,4,3,10,-16,32,22,28,31,31,18,38,25,27,28,47,13,25,25,26,37,38,6,7,13,13,6,6,0,13,14,20,20,20,18,22,22,22,21,54,52,51,15,14,17,58,104,247,227,237,218,260,243,226,0,0,0,0,0,0,0,0,0,0,0,0,0,0,0,0,0,0,0,0,0,0,0,0,0,0,0,0,0,0,0,0,0,0,0,0,0,0,0,0,0,0,0,0,0,0,0,0,0,0,0,0,0,0,0,0,0,0,0,0]} 1. d4 Nf6 2. Nf3 e6 3. c4 d5 4. g3 Bb4+ 5. Nbd2 dxc4 6. Bg2 a5 {LiveBook: 11 Games. E04: Open Catalan: 5 Nf3} (6... b5 7. a4 c6 8. O-O O-O 9. Ne1 Nd5 10. e4 Nb6 11. a5 N6d7 12. e5 Bb7 13. Ne4 Na6 14. Bg5 {½-½ (44) Wang,H (2709)-Ding,L (2777) Huaian 2017}) 7. a3 Bxd2+ $1 8. Bxd2 b5 9. b3 $146 ({Predecessor:} 9. a4 c6 10. axb5 cxb5 11. b3 Bb7 12. bxc4 b4 13. O-O O-O 14. Qb3 {½-½ (67) Egan,M (1975)-Splichal,S (2156) ICCF email 2007}) 9... cxb3 10. Qxb3 {Strongly threatening Ne5.} c6 11. O-O {[%mdl 1024] White has compensation.} O-O 12. Bg5 Bb7 13. Rac1 Ra6 14. e3 h6 15. Bxf6 Qxf6 16. Ne5 Qe7 17. Rc2 Rc8 18. Rfc1 Qd6 19. Nc4 Qe7 20. Ne5 Qd6 21. h4 (21. Qb2 {with more complications.} Nd7 22. Nd3 Qe7 23. Qc3 Ra7 24. Be4) 21... Nd7 22. Nxd7 Qxd7 23. Rc5 {[%cal Bc2c5,Bc5g5,Bg5g6][%mdl 32]} Qd6 24. g4 Qe7 25. g5 h5 26. g6 fxg6 27. f4 Rf8 28. Rg5 Rf5 29. Rxg6 c5 (29... Kf7 $16 {is a better defense.} 30. Rg5 Rxg5 31. hxg5 (31. fxg5 Kg8 $14) 31... Kg8) 30. Qxb5 $18 Ra7 31. Rxc5 Bxg2 32. Kxg2 Rb7 33. Rxe6 $2 ({Not} 33. Rxf5 Rxb5 34. Rxb5 Qxa3 $16) (33. Qc4 $18 Kh7 34. Qxe6 Rxc5 35. dxc5) 33... Qxe6 $11 {The position is equal.} 34. Qxb7 {[#] Hoping for Qc8+.} Qxe3 $18 {[%mdl 4096] Endgame KQR-KQR} 35. Qa8+ Rf8 36. Qd5+ Kh8 37. Qxh5+ Kg8 38. Qd5+ Kh7 39. Qe5 (39. Rxa5 {is interesting.} Qxf4 40. Qh5+ Kg8 41. Qd5+ Kh8 42. Qh5+) 39... Qxf4 {[#] ( -> ...Qf1+)} 40. Qxf4 Rxf4 $11 {KR-KR} 41. Rd5 ({Don't play} 41. Rxa5 $6 Rxd4 42. h5 g6 $16) 41... Rxh4 42. a4 Kg6 43. Kf3 Kf6 44. Ke3 Rh3+ 45. Ke4 Rh4+ 46. Kd3 g5 47. Rxa5 g4 48. Ra8 Rh1 49. Rg8 Ra1 50. Rxg4 Rxa4 51. Re4 Rb4 52. Kc3 Ra4 53. Kb3 Ra8 54. Kc4 Kf5 55. Re5+ Kf6 56. Re1 Rc8+ 57. Kb5 Rd8 58. Kc5 Rc8+ 59. Kb6 {Threatens to win with d5.} Rd8 60. Rd1 {Black must now prevent Kc6.} Ke6 61. d5+ Rxd5 62. Rxd5 Kxd5 {Precision: White = 65%, Black = 66%.} 1/2-1/2

[Event "SCO Open 2018"]
[Site "Xingtai"]
[Date "2018.10.19"]
[Round "6"]
[White "Tan, Zhongyi"]
[Black "Zhang, Ziji"]
[Result "1/2-1/2"]
[WhiteElo "2527"]
[BlackElo "2397"]
[Annotator "TA"]
[PlyCount "85"]
[EventDate "2018.??.??"]
[EventCountry "CHN"]
[SourceTitle "playchess.com"]
[Source "ChessBase"]
[SourceQuality "1"]

{[%evp 17,85,21,10,-15,-9,-12,-19,-13,-13,-49,-28,-37,-26,-41,-3,-35,-19,-27,0,-11,0,0,0,0,0,0,128,0,0,0,0,0,0,0,0,0,-18,-124,0,0,264,264,261,249,199,217,231,229,283,272,285,120,146,6,8,-67,0,0,0,0,0,0,0,0,0,0,0,0,0,0]} 1. c4 c6 2. d4 d5 3. cxd5 cxd5 4. Bf4 Nf6 5. e3 e6 6. Nc3 Bd6 7. Bxd6 Qxd6 8. Bd3 {D10: Slav Defence: 3 cxd5 (without early Nf3) and 3 Nc3} O-O 9. f4 b6 {LiveBook: 14 Games} 10. Nh3 $146 ({Predecessor:} 10. Qe2 a5 11. Nf3 Ba6 12. Bxa6 Nxa6 13. Rc1 Nc7 14. O-O Rfc8 15. Rc2 Nce8 {½-½ (53) So,W (2822)-Kamsky,G (2659) Saint Louis 2017}) 10... Ba6 11. O-O Bxd3 12. Qxd3 Nc6 13. Rf3 Qb4 14. Nf2 Rfc8 15. Rb1 Qc4 16. Qd1 b5 17. Rc1 Nb4 18. b3 Qxc3 19. Rxc3 Rxc3 20. h3 Rac8 {Hoping for ...Rc1.} 21. Kh2 Ne4 (21... g6 $1 $11) 22. Nxe4 ({White has to play} 22. f5 $1 $16) 22... dxe4 $11 23. Rg3 {And now Qg4 would win.} f5 24. d5 Nxd5 25. Qd4 {[%csl Gg3][%cal Rd4g7]} R8c7 26. Qe5 $40 {[%mdl 128] White is up to no good.} R3c6 27. h4 {[#]} (27. Qd4 $11) 27... Kf8 (27... h5 $1 $17) 28. h5 {[%cal Bh4h5,Bh5h6,Bh6g7][%mdl 32]} Nf6 $2 {[%mdl 8192] [#]} (28... Kg8 $11 {and Black stays safe.}) 29. h6 $1 $18 {[%cal Rh6g7] Black must now prevent hxg7+.} Ng4+ {[#]} 30. Rxg4 $1 {[%mdl 512]} fxg4 31. hxg7+ {[%mdl 4096] Endgame KQ-KRR} Kg8 32. Kg3 h6 33. Qxb5 Rc3 34. Qb8+ ({Not} 34. Kxg4 Rxg7+ 35. Kh4 Rxe3 $16) (34. Qb4 $18 {has better winning chances. Threatening mate with Qf8+.} Kxg7 35. Qxe4) 34... Kxg7 $16 35. Kxg4 (35. Qd8 $16) 35... Kh7 $11 36. Kh5 (36. Kh4 $11) 36... Rg7 (36... Rc1 $1 $15 37. Kh4 Rg7) 37. Qe5 {The position is equal.} Rxe3 38. Qxe6 Re1 39. Qf5+ Kh8 40. Qh3 Rg1 (40... Rc1 $5 41. b4 $8 a5 $11) 41. Qc8+ Kh7 42. Qf5+ Kh8 {( -> ...Rh1+)} 43. Qf8+ {Precision: White = 39%, Black = 41%.} 1/2-1/2

[Event "SCO Open 2018"]
[Site "Xingtai"]
[Date "2018.10.19"]
[Round "6"]
[White "Liu, Yan"]
[Black "Chu, Wei Chao"]
[Result "1-0"]
[WhiteElo "2506"]
[BlackElo "2393"]
[Annotator "TA"]
[PlyCount "99"]
[EventDate "2018.??.??"]
[EventCountry "CHN"]
[SourceTitle "playchess.com"]
[Source "ChessBase"]
[SourceQuality "1"]

{[%evp 14,99,32,6,22,8,7,11,13,20,20,22,8,0,0,0,9,0,16,0,5,0,0,0,0,-14,0,-2,21,5,2,2,0,0,0,-20,26,23,21,21,14,16,17,12,16,19,46,37,43,12,41,0,0,0,51,21,36,36,50,19,22,25,24,15,103,95,103,118,103,110,102,104,153,145,152,141,278,263,297,296,295,291,286,266,245,261,240,225]} 1. Nf3 g6 2. d4 Nf6 3. c4 Bg7 4. g3 O-O 5. Bg2 d5 6. O-O dxc4 7. Na3 c5 8. Nxc4 Be6 {D77: Fianchetto Grünfeld: 6 0-0: Replies other than 6...c6} 9. Nfe5 (9. Nce5 cxd4 10. Qxd4 Qxd4 11. Nxd4 Bd5 12. Rd1 Bxg2 13. Kxg2 Rd8 14. Bf4 Nd5 15. Ndf3 Na6 16. Bd2 {½-½ (35) Nakamura,H (2777)-Caruana,F (2822) Saint Louis 2018}) 9... Qc8 10. dxc5 Nfd7 $1 {[%cal Rd7e5] The position is equal.} 11. c6 Nxc6 12. Nxc6 bxc6 13. Na5 Bd5 14. Qc2 $146 ({Predecessor:} 14. Bxd5 cxd5 15. Qxd5 Nb6 16. Qb5 {1-0 (50) Boehm,R-Hoegerl,F GER email 2009}) 14... Bxg2 15. Kxg2 c5 16. Bd2 Nb6 17. Bc3 Bxc3 18. Qxc3 Qe6 19. Rfe1 Rfd8 20. b3 Rd5 21. e4 Rd4 22. Qe3 Qd7 23. Rac1 Rc8 $1 24. Nc4 h5 25. Ne5 Qd6 26. Nf3 Rd3 27. Qh6 Qf6 28. Re3 Rxe3 29. Qxe3 Qd6 30. Nd2 Rd8 31. Nc4 Qd4 32. Kf3 Qf6+ 33. Kg2 (33. Qf4 $11) 33... Qd4 $14 34. Qe2 Kg7 35. Rc2 Qf6 36. h4 Rd4 37. Nd2 Qc6 38. Qe3 $36 {[%mdl 2048] White is more active.} e5 (38... Qb5 $1 $11 {remains equal.}) 39. Nf3 $16 Rxe4 40. Qxc5 Qxc5 41. Rxc5 {[%mdl 4096] Endgame KRN-KRN} Re2 {[#]} 42. Ra5 $1 ({Much worse is} 42. Nxe5 Rxa2 43. Rc7 Kf6 $11) 42... e4 43. Ng5 e3 44. Kf3 Rxf2+ (44... Rd2 $16 45. fxe3 (45. Kxe3 Rd7 $16) (45. Rxa7 exf2 46. Rxf7+ Kg8 $16) 45... Rd7) 45. Kxe3 $18 Rg2 46. Rxa7 Rxg3+ 47. Kf2 Rc3 48. Rxf7+ Kg8 49. Rb7 Nd5 50. a4 {Precision: White = 59%, Black = 46%.} 1-0

[Event "SCO Open 2018"]
[Site "Xingtai"]
[Date "2018.10.19"]
[Round "6"]
[White "Li, Di"]
[Black "Xiang, Zeyu"]
[Result "1-0"]
[WhiteElo "2467"]
[BlackElo "2409"]
[Annotator "TA"]
[PlyCount "107"]
[EventDate "2018.??.??"]
[EventCountry "CHN"]
[SourceTitle "playchess.com"]
[Source "ChessBase"]
[SourceQuality "1"]

{[%evp 20,107,23,10,25,7,11,10,12,18,21,16,11,0,42,42,47,40,43,44,48,53,52,42,34,7,7,0,4,5,5,12,12,10,10,9,47,52,47,41,45,33,66,8,19,0,0,0,14,0,0,2,16,6,16,8,123,121,121,121,128,116,310,185,208,147,368,344,318,240,501,180,102,94,790,783,897,606,972,989,987,941,986,918,29984,29985,29986,29987,29990,29988]} 1. d4 d5 2. c4 e6 3. Nc3 Nf6 4. cxd5 Nxd5 5. e4 Nxc3 6. bxc3 c5 7. Nf3 cxd4 8. cxd4 Bb4+ 9. Bd2 Bxd2+ 10. Qxd2 O-O 11. Rc1 Nc6 {[%cal Bb8c6,Bc6e7,Be7g6][%mdl 32] D41: Queen's Gambit Declined: Semi-Tarrasch with 5 cxd5} (11... b6 12. Bd3 Ba6 13. Bxa6 Nxa6 14. O-O Rc8 15. Rxc8 Qxc8 16. Rc1 Qb7 17. Qc2 Nb4 18. Qc4 a5 19. a3 {½-½ (45) Navara,D (2741)-Carlsen,M (2842) Biel 2018}) 12. Be2 Ne7 13. Qc3 $146 ({Predecessor:} 13. O-O b6 14. Rfd1 Bb7 15. Qe3 Rc8 16. Bd3 Qd6 17. h4 Rxc1 18. Rxc1 Rc8 19. Rxc8+ Nxc8 {0-1 (49) Menezes,C (2373)-Korpa,B (2482) Austria 2017}) 13... Bd7 {The position is equal.} 14. O-O Bc6 15. Qe3 Rc8 16. Ne5 Ng6 17. Nxc6 Rxc6 18. Rxc6 bxc6 19. Rb1 Qc7 20. Qc3 Rb8 21. Rxb8+ Qxb8 22. Qxc6 {With the idea Bd3.} Qb2 $1 {[%cal Rb2e2]} 23. Qc8+ Nf8 24. Qc4 Qb1+ 25. Bf1 {Black must now prevent d5.} Qxe4 26. Qc5 Qb7 $1 27. a4 {[%cal Ba2a4,Ba4a5][%mdl 32]} f6 28. a5 Kf7 $1 29. h4 Qe7 30. Qc3 Ng6 31. g3 (31. Qc6 $14) 31... Qd6 $11 32. Bd3 f5 33. Be2 Ne7 34. Bh5+ g6 35. Bf3 h6 36. Bb7 g5 37. h5 Ng8 {[#]} (37... Qb8 $11 38. a6 Qd6) 38. d5 $1 $16 {[%cal Rd5e6]} exd5 39. Qd4 Ne7 40. a6 g4 $2 (40... f4 $16) 41. Kh2 ({Weaker is} 41. Qxa7 d4 $14) (41. Kf1 $142) 41... f4 $18 42. gxf4 Ke6 $2 {[#]} (42... g3+ $16 43. fxg3 Qe6 44. Qxa7 Qe2+ 45. Kg1 Qe1+ 46. Kg2 Qe4+ 47. Kf2 Qc2+ 48. Kg1 Qb1+ 49. Kh2 Qc2+ 50. Kh3 Qf5+ 51. Kg2 Qe4+ 52. Kf2 Qc2+ 53. Kg1 Qb1+ 54. Kg2 Qe4+) 43. Kg2 Qb8 44. Kg1 Qd6 $2 (44... g3 45. fxg3 Qg8) 45. Kf1 $2 (45. Qxa7 Qb4 46. Qe3+ Kd7 47. Kg2) 45... Qb8 46. Kg2 Qd6 $2 {[%mdl 8192]} (46... Kf5 $16) 47. Qe3+ Kf7 48. Qxa7 d4 {If Black can now play ...d3 this consolidates a bit.} 49. Be4 d3 50. Qb7 d2 51. Bc2 Qc5 52. Bb3+ {White mates.} Kf6 53. a7 g3 54. fxg3 {Precision: White = 65%, Black = 42%.} 1-0